Statistiques concernant Vainqueurs de la Coupe Intertoto

Cliquez ici pour prendre le quiz!

Statistiques générales

  • Ce quiz a été pris 72 fois
  • Le résultat moyen est 9 sur 35

Statistiques - réponses

SaisonVainqueur% Correct
2005Olympique de Marseille
92%
2001Paris Saint-Germain
81%
1997Olympique lyonnais
76%
2005RC Lens
58%
2004Lille OSC
53%
1995Girondins Bordeaux
52%
1997AJ Auxerre
42%
2001ES Troyes AC
39%
1997SC Bastia
35%
1999Montpellier HSC
31%
1998Valence CF
31%
1996EA Guingamp
24%
1999Juventus FC
24%
1995RC Strasbourg
24%
2001Aston Villa
21%
2006Newcastle United
19%
2002VfB Stuttgart
18%
2000VfB Stuttgart
18%
1999West Ham United
16%
2008SC Braga
15%
2004Schalke 04
13%
2003Schalke 04
13%
2002Málaga CF
11%
2002Fulham FC
10%
2005Hambourg SV
10%
2007Hambourg SV
10%
2000Celta Vigo
8%
1998Werder Brême
8%
2003Pérouse Calcio
6%
1998Bologne FC
5%
2000Udinese Calcio
5%
2003Villarreal CF
5%
2004Villarreal CF
5%
1996Karlsruher SC
3%
1996Silkeborg IF
3%

Distribution des résultats

Percentile par nombre de réponses

% des personnes avec chaque résultat

Votre développement - résultats

Vous n’avez pas pris ce quiz